| 000 | 00787nam a2200301Ia 4500 | ||
|---|---|---|---|
| 001 | Para_2051 | ||
| 003 | CHAP | ||
| 008 | 220125s1990 xx 000 0 und d | ||
| 010 | _a200684 | ||
| 040 | _cCHAP | ||
| 082 | _aPA 631.52 H3 | ||
| 100 |
_aHamrick, Debbie, ed. _9165561 |
||
| 245 |
_aGrowertalks on plugs / _c ed. by Debbie Hamrick |
||
| 260 |
_aGeneva, Il : _b Geo. J. Ball |
||
| 300 | _a184 p. | ||
| 440 |
_aGrowertalks _9165562 |
||
| 650 |
_aGerminación _947755 |
||
| 650 |
_aPlantulas _989193 |
||
| 650 |
_aSemillas _9103873 |
||
| 650 |
_aSiembra en maceta _9105841 |
||
| 901 | _aPA 631.52 H3 | ||
| 902 | _aA | ||
| 905 | _a0000001990 ai 0000000000 00 | ||
| 910 | _a1990 | ||
| 942 | _cPARA | ||
| 942 |
_cPARA _d1 |
||
| 999 |
_c200684 _d200684 |
||